Statistics for China's Busiest Airports

Click here to take the quiz!

General Stats

  • This quiz has been taken 361 times
  • The average score is 19 of 25

Answer Stats

#Airport% Correct
89.94MBeijing
100%
39.09MShanghai (Hongqiao)
100%
60.1MShanghai (Pudong)
100%
55.2MGuangzhou
97%
42.24MChengdu
91%
39.72MShenzhen
89%
32.97MXi'an
87%
32.4MChongqing
86%
18.94MWuhan
84%
20.81MXiamen
84%
14.31MTianjin
80%
19.16MNanjing
78%
28.35MHangzhou
75%
18.51MUrumqi
75%
14.1MHarbin
74%
37.52MKunming
73%
18.2MQingdao
71%
12.68MShenyang
70%
18.72MChangsha
65%
14.15MDalian
63%
10.89MFuzhou
60%
17.3MZhengzhou
60%
16.17MHaikou
45%
16.2MSanya
34%
13.24MGuiyang
28%

Score Distribution

Percentile by Number Answered

Percent of People with Each Score

Your Score History

You have not taken this quiz